000 01335cam a2200277 4500
002 ##5819
008 000000n2000 000 0 eng u
020 _a1901434168
035 _a(Sirsi) u108718
041 0 _aeng
050 0 4 _a630.026 $2 18
110 2 _aCentral Association of Agricultural Valuers
245 0 0 _aRent reviews under the Agricultural Holdings Act 1986
260 _aColeford, Glos
_bCAAV
_aLondon
_bRICS
_c2000
300 _a68p.
_c30cm.
350 _a15
490 0 _aCAAV Publication
_v(178)
490 0 _aRICS Information Paper
520 _aCovers approaches to valuations and offers practical guidance as to the law, alerting surveyors to factors that they should consider in preparing a rent review. It illustrates the processes that may be undertaken and suggests ways of approaching particular difficulties. It's commentary is not intended to be mandatory guidance.
520 _aUnder review 1 October 2006. Supersedes "Valuation under the Agricultural Holdings Act 1986" (ISBN 0854067620).
650 2 4 _aCALDERBANK OFFERS
651 4 _aEngland and Wales
_y1543-
690 _aPROPERTY-LEASEHOLD PROPERTY-LANDLORD AND TENANT-TENANCIES-AGRICULTURAL TENANCIES-AGRICULTURAL TENANCY RENT REVIEW
710 2 _aRoyal Institution of Chartered Surveyors
_bRural Practice Division
_92625
942 _n0
999 _c100847
_d100847